El niño de 11 y 12 años / (Record no. 41120)
[ view plain ]
| 000 -CABECERA | |
|---|---|
| campo de control de longitud fija | 00791nam a2200229 a 4500 |
| 005 - FECHA Y HORA DE LA ÚLTIMA TRANSACCIÓN | |
| campo de control | 20240925064224.0 |
| 008 - ELEMENTOS DE LONGITUD FIJA--INFORMACIÓN GENERAL | |
| campo de control de longitud fija | 991125s1990 mx 000 0 spa u |
| 020 ## - NÚMERO INTERNACIONAL NORMALIZADO PARA LIBROS | |
| Número Internacional Estándar del Libro | 9688530050 |
| 035 ## - NÚMERO DE CONTROL DEL SISTEMA | |
| Número de control de sistema | UPN01000041120 |
| 049 ## - COLECCIÓN | |
| Colección | CG |
| 050 #4 - SIGNATURA TOPOGRÁFICA DE LA BIBLIOTECA DEL CONGRESO | |
| Número de clasificación | BF721 |
| Número de documento/Ítem | G4.58a |
| 100 1# - ASIENTO PRINCIPAL--NOMBRE PERSONAL | |
| Nombre de persona | Gesell, Arnold Lucius, |
| Fechas asociadas al nombre | 1880-1961 |
| 9 (RLIN) | 28379 |
| 245 13 - MENCIÓN DE TÍTULO | |
| Título | El niño de 11 y 12 años / |
| Mención de responsabilidad, etc. | Arnold Gessell ; colab. Frances L. Ilg, Louise Bates Ames ; comp. Jaime Bernstein ; tr. Eduardo Loedel. |
| 260 ## - PUBLICACIÓN, DISTRIBUCIÓN, ETC. | |
| Lugar de publicación, distribución, etc. | México : |
| Nombre del editor, distribuidor, etc. | Paidós, |
| Fecha de publicación, distribución, etc. | 1990. |
| 300 ## - DESCRIPCIÓN FÍSICA | |
| Extensión | 126 p. |
| 440 #0 - MENCIÓN DE SERIE/ASIENTO SECUNDARIO--TÍTULO | |
| Título | Paidós educador ; |
| Designación de volumen o secuencia | 27 |
| 650 #4 - ASIENTO SECUNDARIO DE MATERIA - TERMINO TEMATICO | |
| Término de materia o nombre geográfico como elemento de entrada | Niño, Estudio del |
| 9 (RLIN) | 221 |
| 700 1# - ASIENTO SECUNDARIO--NOMBRE DE PERSONAL | |
| Nombre de persona | Ilg, Frances Lillian, |
| Fechas asociadas al nombre | 1902-1981 |
| Término indicativo de función/relación | colab. |
| 9 (RLIN) | 28559 |
| 700 1# - ASIENTO SECUNDARIO--NOMBRE DE PERSONAL | |
| Nombre de persona | Ames, Louise Bates, |
| Fechas asociadas al nombre | 1908-1996 |
| Término indicativo de función/relación | colab. |
| 9 (RLIN) | 28718 |
| 700 1# - ASIENTO SECUNDARIO--NOMBRE DE PERSONAL | |
| Nombre de persona | Bernstein, Jaime, |
| Término indicativo de función/relación | comp. |
| 9 (RLIN) | 37324 |
| 905 ## - TIPO DE MATERIAL | |
| Tipo de material | Libro |
| Estado de retiro | Estado de pérdida | Fuente del sistema de clasificación o colocación | Estado dañado | No para préstamo | Código de colección | Localización permanente | Ubicación/localización actual | Ubicación en estantería | Total de préstamos | Clasificación | Código de barras | Fecha visto por última vez | Fecha del último préstamo | Número de copia | Tipo de ítem Koha | Fecha de adquisición | Renovaciones totales |
|---|---|---|---|---|---|---|---|---|---|---|---|---|---|---|---|---|---|
| Library of Congress Classification | Colección General | Bib. Gregorio Torres Quintero | Bib. Gregorio Torres Quintero | Planta baja | 6 | BF721 G4.58a | 306528 | 21/02/2025 | 12/02/2025 | 1 | Libro | ||||||
| Library of Congress Classification | Dañado | Colección General | Bib. Gregorio Torres Quintero | Bib. Gregorio Torres Quintero | Planta baja | 14 | BF721 G4.58a | 91129 | 22/05/2025 | 20/03/2025 | 1 | Libro | 13/10/2022 | 1 | |||
| Library of Congress Classification | Colección General | Bib. Gregorio Torres Quintero | Bib. Gregorio Torres Quintero | Planta baja | 11 | BF721 G4.58a | 91130 | 19/02/2025 | 14/02/2025 | 1 | Libro | ||||||
| Library of Congress Classification | Colección General | Bib. Gregorio Torres Quintero | Bib. Gregorio Torres Quintero | Planta baja | 1 | BF721 G4.58a | 83778 | 31/12/2020 | 1 | Libro | |||||||
| Library of Congress Classification | Colección General | Bib. Gregorio Torres Quintero | Bib. Gregorio Torres Quintero | Planta baja | 10 | BF721 G4.58a | 91128 | 31/12/2020 | 1 | Libro | |||||||
| Library of Congress Classification | Colección General | Bib. Gregorio Torres Quintero | Bib. Gregorio Torres Quintero | Planta baja | 8 | BF721 G4.58a | 81363 | 14/04/2026 | 27/03/2026 | 1 | Libro | 1 |
